Top 10 Countries by HDI Decline - Statistics

General Stats
  • This quiz has been taken 35 times
  • The average score is 5 of 10
Answer Stats
Annual Growth Answer % Correct
-1.21% Syria
89%
-0.80% Venezuela
81%
-1.03% Yemen
81%
-0.79% Lebanon
56%
-0.26% Libya
52%
-1.00% South Sudan
44%
-0.19% Cuba
41%
-0.18% East Timor
15%
-0.31% Belize
7%
-0.16% Saint Lucia
7%
No matching quizzes found
Score Distribution
Percent of People with Each Score
Percentile by Number Answered
Your Score History
You have not taken this quiz